[Event "zweihochsechs Bielefeld 1 - SG Bünde 1"]
[Site "NRW-Klasse - Gruppe 1 2019/20"]
[Date "2019.10.06"]
[Round "2.1"]
[White "Kettler, Ilija Jonas"]
[Black "Fuhlrott, Tim"]
[Result "1-0"]
[WhiteElo "2060"]
[BlackElo "2020"]
[PlyCount "95"]
[EventDate "2019.??.??"]
[SourceVersionDate "2020.03.16"]
[WhiteTeam "SG Bünde 1"]
[BlackTeam "zweihochsechs Bielefeld 1"]

1. d4 f5 2. Bg5 g6 3. Nc3 d5 4. e3 Bg7 5. h4 h6 6. Bf4 c6 7. Qf3 Be6 8. Qg3 Bf7
9. Nf3 Nd7 10. Bd3 e6 11. Bc7 Qe7 12. Bd6 Qd8 13. Ne2 Ndf6 14. Be5 Nh5 15. Qh3
Ngf6 16. Ng3 Qb6 17. Nxh5 Nxh5 18. g4 Bxe5 19. Nxe5 Nf6 20. gxf5 gxf5 21. O-O-O
Bh5 22. f3 O-O-O 23. Bxf5 exf5 24. Qxf5+ Nd7 25. Qxh5 Nxe5 26. Qxe5 Rde8 27.
Qf5+ Kb8 28. Qf4+ Ka8 29. e4 Qa6 30. Kb1 Ref8 31. Qe3 dxe4 32. fxe4 Qc4 33.
Rhg1 Rh7 34. h5 Re8 35. e5 Qd5 36. Rg6 c5 37. c3 cxd4 38. Qxd4 Qa5 39. Rd6 Rhh8
40. e6 a6 41. e7 Qf5+ 42. Ka1 Qxh5 43. Rd8+ Rxd8 44. Qxd8+ Rxd8 45. exd8=Q+ Ka7
46. a3 Qf5 47. Qd4+ Ka8 48. Qh8+ 1-0

[Event "zweihochsechs Bielefeld 1 - SG Bünde 1"]
[Site "NRW-Klasse - Gruppe 1 2019/20"]
[Date "2019.10.06"]
[Round "2.2"]
[White "Ruecker, Bastian"]
[Black "Brunke, Pascal"]
[Result "1-0"]
[WhiteElo "2064"]
[BlackElo "2009"]
[Annotator "Daniel"]
[PlyCount "115"]
[EventDate "2019.??.??"]
[SourceVersionDate "2020.03.16"]
[WhiteTeam "zweihochsechs Bielefeld 1"]
[BlackTeam "SG Bünde 1"]

1. d4 f5 2. g3 Nf6 3. Bg2 g6 4. b3 Bg7 5. Bb2 O-O 6. Nd2 d6 7. Ngf3 c6 8. O-O
Qc7 9. Re1 Ne4 10. c4 Na6 11. a3 Bd7 12. Qc2 Nxd2 13. Qxd2 Rad8 14. Rad1 Bc8
15. d5 e5 16. dxe6 Bxe6 17. Ng5 Bc8 18. e4 h6 19. Nh3 fxe4 20. Bxg7 Qxg7 21.
Rxe4 Nc5 22. Re3 g5 23. Rde1 Bf5 24. b4 Na6 25. Re7 Rf7 26. Rxf7 Kxf7 27. Qe3
Qf6 28. Qxa7 Rd7 29. Qe3 Re7 30. Qxe7+ Qxe7 31. Rxe7+ Kxe7 32. f4 Kf6 33. fxg5+
hxg5 34. Bf1 Nc7 35. Kf2 d5 36. Ng1 g4 37. Ke3 Ke5 38. Bd3 Be6 39. cxd5 Nxd5+
40. Kd2 b5 41. Ne2 Bd7 42. Bc2 Nf6 43. Bg6 Nd5 44. Kd3 Nb6 45. Bf7 Nc8 46. Nd4
Nd6 47. Bb3 Ne4 $11 48. a4 c5 49. Nxb5 cxb4 50. Kc4 Nd2+ 51. Kxb4 Nf1 52. Kc5
Nxh2 53. a5 Nf3 54. a6 Bxb5 55. a7 Bc6 56. Kxc6 Nd4+ 57. Kb6 Nxb3 58. a8=Q 1-0

[Event "zweihochsechs Bielefeld 1 - SG Bünde 1"]
[Site "NRW-Klasse - Gruppe 1 2019/20"]
[Date "2019.10.06"]
[Round "2.3"]
[White "Altenbernd, Jannis-Domenik"]
[Black "Stukenbrok, Nils"]
[Result "1/2-1/2"]
[WhiteElo "1984"]
[BlackElo "2011"]
[Annotator "Daniel"]
[PlyCount "98"]
[EventDate "2019.??.??"]
[SourceVersionDate "2020.03.16"]
[WhiteTeam "SG Bünde 1"]
[BlackTeam "zweihochsechs Bielefeld 1"]

1. d4 Nf6 2. c4 e6 3. Nc3 Bb4 4. Qc2 O-O 5. a3 Bxc3+ 6. Qxc3 b6 7. f3 d5 8. e3
Ba6 9. b4 Bxc4 10. Bxc4 dxc4 11. Qxc4 Qd5 12. Qc3 a5 13. e4 axb4 14. axb4 Qc6
15. Bb2 Qxc3+ 16. Bxc3 Rxa1+ 17. Bxa1 Nc6 18. Bc3 Ra8 19. Kf2 Ra4 20. Ne2 Nxb4
21. Bxb4 Rxb4 22. Rc1 Ne8 23. Rc2 Kf8 24. e5 Ke7 25. Ke3 Kd7 26. Ng3 Rb3+ 27.
Ke2 Ra3 28. Ne4 h6 29. g4 c6 30. h4 Nc7 31. Nd6 f6 32. Nc4 Ra6 33. exf6 gxf6
34. g5 b5 35. Nb2 hxg5 36. hxg5 fxg5 37. Nd3 Kd6 38. Nc5 Ra3 39. Ne4+ Kd5 40.
Nxg5 $11 b4 41. Rc5+ Kxd4 42. Rxc6 Ra2+ 43. Kd1 Nd5 44. Nxe6+ Ke3 45. f4 b3 46.
Kc1 Rf2 47. Kb1 Rd2 48. Rc4 Rd3 49. Kb2 Kd2 1/2-1/2

[Event "zweihochsechs Bielefeld 1 - SG Bünde 1"]
[Site "NRW-Klasse - Gruppe 1 2019/20"]
[Date "2019.10.06"]
[Round "2.4"]
[White "Guthier, Max"]
[Black "Brunke, Christian"]
[Result "0-1"]
[WhiteElo "2009"]
[BlackElo "2111"]
[PlyCount "62"]
[EventDate "2019.??.??"]
[SourceVersionDate "2020.03.16"]
[WhiteTeam "zweihochsechs Bielefeld 1"]
[BlackTeam "SG Bünde 1"]

1. e4 e5 2. Nf3 d6 3. d4 Nf6 4. Nc3 Nbd7 5. g3 Be7 6. Bg2 c6 7. a4 Qc7 8. O-O
O-O 9. h3 Re8 10. Be3 Bf8 11. Nd2 b6 12. f4 Bb7 13. g4 g6 14. fxe5 dxe5 15. Qf3
Re7 16. dxe5 Qxe5 17. Nb3 Bg7 18. Rad1 c5 19. Bf4 Qe6 20. Rd6 Qc4 21. Nd2 Qb4
22. Bg5 Qxb2 23. Bxf6 Nxf6 24. Rxf6 Rf8 25. Qd3 Bxf6 26. Rxf6 Ba6 27. Qxa6 Qxc3
28. Rf2 Qxc2 29. Nc4 Qd3 30. Rd2 Qg3 31. Nd6 Qe1+ 0-1

[Event "zweihochsechs Bielefeld 1 - SG Bünde 1"]
[Site "NRW-Klasse - Gruppe 1 2019/20"]
[Date "2019.10.06"]
[Round "2.5"]
[White "Moradi Kahlou, Benjamin"]
[Black "Spisla, Dominik"]
[Result "1/2-1/2"]
[WhiteElo "1945"]
[BlackElo "1976"]
[PlyCount "78"]
[EventDate "2019.??.??"]
[SourceVersionDate "2020.03.16"]
[WhiteTeam "SG Bünde 1"]
[BlackTeam "zweihochsechs Bielefeld 1"]

1. e4 c5 2. Nf3 d6 3. Bb5+ Nd7 4. c4 Ngf6 5. Nc3 g6 6. O-O Bg7 7. h3 O-O 8.
Bxd7 Bxd7 9. Rb1 Bc6 10. Re1 a6 11. d4 cxd4 12. Nxd4 Qd7 13. a4 Rfc8 14. b3 e6
15. Nxc6 Qxc6 16. Qf3 Ne8 17. Ba3 f5 18. Rbd1 Rd8 19. Rd3 Be5 20. exf5 Qxf3 21.
gxf3 gxf5 22. f4 Bxf4 23. Rxe6 Kf7 24. Re1 Nf6 25. Nd5 Rg8+ 26. Kh1 Be5 27.
Nxf6 Bxf6 28. Rxd6 Rad8 29. Rxf6+ Kxf6 30. Be7+ Kf7 31. Bxd8 Rxd8 32. Kg2 Kf6
33. Kf3 Rd2 34. Re3 Rb2 35. Rd3 Ke6 36. Ke3 b6 37. Kf3 Ke5 38. Ke3 Ke6 39. Kf3
Ke5 1/2-1/2

[Event "zweihochsechs Bielefeld 1 - SG Bünde 1"]
[Site "NRW-Klasse - Gruppe 1 2019/20"]
[Date "2019.10.06"]
[Round "2.6"]
[White "Oelschlaeger, Lennart"]
[Black "Hagemeier, Ulrich"]
[Result "1/2-1/2"]
[WhiteElo "1929"]
[BlackElo "2003"]
[Annotator "Daniel"]
[PlyCount "109"]
[EventDate "2019.??.??"]
[SourceVersionDate "2020.03.16"]
[WhiteTeam "zweihochsechs Bielefeld 1"]
[BlackTeam "SG Bünde 1"]

1. e4 c6 2. c4 d5 3. cxd5 cxd5 4. exd5 Nf6 5. Nc3 g6 6. Bc4 Bg7 7. Nge2 O-O 8.
O-O Nbd7 9. d3 b6 10. h3 Bb7 11. Bf4 a6 12. a4 Rc8 13. Rc1 b5 14. axb5 axb5 15.
Nxb5 Nxd5 16. Bxd5 Bxd5 17. Bc7 Qe8 18. Nec3 Nf6 19. Be5 Bb7 20. d4 Qc6 21. f3
Qb6 22. Qa4 Nd5 23. Nxd5 Bxd5 24. Bc7 Qb7 25. Rc5 Bc6 26. Bg3 Rfd8 27. Rd1 Bxb5
28. Rxb5 Bxd4+ 29. Kh1 Qa7 $11 30. Qb4 Bxb2 31. Rb1 Bf6 32. Kh2 Rc2 33. Rb8
Rxb8 34. Qxb8+ Qxb8 35. Rxb8+ Kg7 36. Rb7 h5 37. h4 Rc4 38. Kh3 Rc1 39. Kh2 Rc2
40. Rb5 Re2 41. Kh3 Rc2 42. Kh2 Rc1 43. Bf4 Rc4 44. Bg5 Rc2 45. Kh3 Re2 46. Bf4
e5 47. Bg3 Kf8 48. Rb8+ Ke7 49. Rb7+ Ke6 50. Rb6+ Ke7 51. Rb7+ Ke8 52. Rb5 e4
53. Rb8+ Ke7 54. Rb7+ Ke6 55. Rb6+ 1/2-1/2

[Event "zweihochsechs Bielefeld 1 - SG Bünde 1"]
[Site "NRW-Klasse - Gruppe 1 2019/20"]
[Date "2019.10.06"]
[Round "2.7"]
[White "Tiedemann, Mattias"]
[Black "Ehrlich, Tim"]
[Result "1-0"]
[WhiteElo "1825"]
[BlackElo "1920"]
[PlyCount "55"]
[EventDate "2019.??.??"]
[SourceVersionDate "2020.03.16"]
[WhiteTeam "SG Bünde 1"]
[BlackTeam "zweihochsechs Bielefeld 1"]

1. c4 e5 2. Nc3 Nc6 3. g3 g6 4. Bg2 Bg7 5. Rb1 a5 6. e3 Nge7 7. Nge2 f5 8. d3
O-O 9. O-O Rb8 10. a3 b6 11. b4 axb4 12. axb4 Bb7 13. Qb3 Kh8 14. Ba3 g5 15.
Nd5 Ng6 16. Bb2 Nce7 17. f4 Nxd5 18. cxd5 d6 19. Qc4 Rf7 20. Rbc1 Qe7 21. e4
gxf4 22. exf5 Rxf5 23. Qxc7 Qf8 24. gxf4 Rf7 25. fxe5 Rxc7 26. Rxf8+ Nxf8 27.
Rxc7 dxe5 28. Rxg7 1-0

[Event "zweihochsechs Bielefeld 1 - SG Bünde 1"]
[Site "NRW-Klasse - Gruppe 1 2019/20"]
[Date "2019.10.06"]
[Round "2.8"]
[White "Elefteriadis, Paul-Gabriel"]
[Black "Kroeger, Tim"]
[Result "0-1"]
[WhiteElo "1795"]
[BlackElo "1660"]
[PlyCount "106"]
[EventDate "2019.??.??"]
[SourceVersionDate "2020.03.16"]
[WhiteTeam "zweihochsechs Bielefeld 1"]
[BlackTeam "SG Bünde 1"]

1. c4 Nf6 2. Nc3 c5 3. Nf3 d6 4. d4 cxd4 5. Nxd4 e6 6. g3 Bd7 7. Bg2 Nc6 8. O-O
Be7 9. b3 O-O 10. Qd2 Nxd4 11. Qxd4 Bc6 12. e4 Qa5 13. Bd2 Qh5 14. h3 Rfd8 15.
Ne2 Qxe2 16. f3 Nxe4 17. fxe4 Bf6 18. Rxf6 gxf6 19. Re1 Qh5 20. Qxf6 Qg6 21.
Qf4 e5 22. Qf2 Rdc8 23. h4 b5 24. Bh3 Rc7 25. Bf5 Qg7 26. Bb4 Qh6 27. Rd1 bxc4
28. Bxd6 Rd8 29. Qc5 Bxe4 30. Qxc7 Qe3+ 31. Kf1 Qf3+ 32. Ke1 Qxg3+ 33. Kd2 c3+
34. Ke2 Qf3+ 35. Ke1 Qh1+ 36. Ke2 Qg2+ 37. Ke1 Qg3+ 38. Kf1 Qg2+ 39. Ke1 Qg1+
40. Ke2 Bf3+ 41. Kxf3 Qxd1+ 42. Kg3 Qxd6 43. Qxc3 e4+ 44. Kg4 Qd1+ 45. Kf4 Qd2+
46. Qxd2 Rxd2 47. Bxe4 Rxa2 48. h5 Kg7 49. Kg4 Kh6 50. Bd5 Kg7 51. h6+ Kg6 52.
Kg3 f6 53. b4 Ra3+ 0-1

[Event "Bielefelder SK 1 - SK Werther 1"]
[Site "NRW-Klasse - Gruppe 1 2019/20"]
[Date "2019.10.06"]
[Round "2.1"]
[White "Haskenhoff, Jan"]
[Black "Forchert, Martin"]
[Result "0-1"]
[WhiteElo "2218"]
[BlackElo "2284"]
[PlyCount "116"]
[EventDate "2019.??.??"]
[SourceVersionDate "2020.03.16"]
[WhiteTeam "SK Werther 1"]
[BlackTeam "Bielefelder SK 1"]

1. e4 Nf6 2. e5 Nd5 3. d4 d6 4. Nf3 dxe5 5. Nxe5 g6 6. Be2 Bg7 7. O-O Nd7 8.
Nf3 O-O 9. c4 N5b6 10. Nc3 c5 11. d5 Ne5 12. Nxe5 Bxe5 13. Be3 Bf5 14. Qd2 Rc8
15. Rad1 h5 16. f3 Qd7 17. Ne4 Na4 18. Bh6 Rfe8 19. b3 Bxe4 20. fxe4 Nc3 21.
Bxh5 Nxd1 22. Qxd1 Qd6 23. Bg4 Rcd8 24. Qe1 Bg7 25. Bxg7 Kxg7 26. e5 Qb6 27.
Qh4 Rf8 28. Qxe7 Rde8 29. Qd7 Rd8 30. Qe7 Rde8 31. Qd7 Rd8 32. Qa4 Rfe8 33. e6
fxe6 34. dxe6 Re7 35. Qa3 Qd6 36. h3 Qe5 37. Qc1 Rd4 38. Qc3 Re4 39. Qf3 Kh6
40. Kh1 Re3 41. Qf8+ Rg7 42. Qh8+ Rh7 43. Qd8 Rc7 44. Qd5 Kg7 45. Rd1 Re1+ 46.
Rxe1 Qxe1+ 47. Kh2 Qe3 48. Qd6 Rc6 49. Qe7+ Kh6 50. Qf8+ Kg5 51. Qe7+ Kh6 52.
Qf6 Rc8 53. h4 Re8 54. Qf7 Qe5+ 55. g3 Rd8 56. Qxb7 Rd2+ 57. Kh3 Qe1 58. Qf3
Rf2 0-1

[Event "Bielefelder SK 1 - SK Werther 1"]
[Site "NRW-Klasse - Gruppe 1 2019/20"]
[Date "2019.10.06"]
[Round "2.2"]
[White "Gruen, Gerd-Peter"]
[Black "Freiberger, Jonas"]
[Result "1-0"]
[WhiteElo "2232"]
[BlackElo "2177"]
[PlyCount "101"]
[EventDate "2019.??.??"]
[SourceVersionDate "2020.03.16"]
[WhiteTeam "Bielefelder SK 1"]
[BlackTeam "SK Werther 1"]

1. d4 f5 2. Nf3 Nf6 3. c4 g6 4. g3 Bg7 5. Bg2 O-O 6. O-O d6 7. Nc3 Qe8 8. d5 a5
9. Rb1 Na6 10. Nd4 Bd7 11. b3 h6 12. Bb2 g5 13. e3 Qg6 14. f4 Nc5 15. Qc2 Qh5
16. h3 gxf4 17. exf4 Qg6 18. Rf3 h5 19. Re1 Rae8 20. Ncb5 c6 21. dxc6 bxc6 22.
Nc7 Rc8 23. Nce6 Nxe6 24. Nxe6 Rf7 25. Ng5 Ne4 26. Nxf7 Bxb2 27. Qxb2 Kxf7 28.
Rfe3 c5 29. Bxe4 fxe4 30. Qg2 Bc6 31. Kh2 Rg8 32. Rxe4 Bxe4 33. Rxe4 Qf5 34.
Qf3 e6 35. Re2 Rb8 36. Qc6 Rd8 37. Qc7+ Ke8 38. Qg7 Rd7 39. Qg8+ Ke7 40. h4 Rd8
41. Qg5+ Qxg5 42. hxg5 Kf7 43. Kh3 d5 44. cxd5 exd5 45. Kh4 a4 46. Kxh5 axb3
47. axb3 d4 48. Kg4 Rb8 49. Re5 Rb5 50. b4 d3 51. bxc5 1-0

[Event "Bielefelder SK 1 - SK Werther 1"]
[Site "NRW-Klasse - Gruppe 1 2019/20"]
[Date "2019.10.06"]
[Round "2.3"]
[White "Suchland, Marko"]
[Black "Simon, Hans Christian"]
[Result "1-0"]
[WhiteElo "2167"]
[BlackElo "2167"]
[Annotator "Daniel"]
[PlyCount "69"]
[EventDate "2019.??.??"]
[SourceVersionDate "2020.03.16"]
[WhiteTeam "SK Werther 1"]
[BlackTeam "Bielefelder SK 1"]

1. d4 Nf6 2. Bf4 d5 3. e3 c5 4. c3 Nc6 5. Nd2 Bf5 6. Ngf3 Qb6 7. dxc5 Qxb2 8.
Nd4 Ne4 9. Rb1 Qxd2+ 10. Qxd2 Nxd2 11. Rxb7 Nxd4 12. Kxd2 Nc6 13. Bb5 Bd7 14.
Rc7 f6 15. Bxc6 Bxc6 16. Rxc6 e5 17. Bg3 Kd7 18. Ra6 Bxc5 19. Rb1 Rab8 20. Rb3
Rxb3 $11 21. axb3 Rb8 22. b4 Bb6 23. Kc2 Rc8 24. Kb3 Ke6 25. e4 Kd6 26. f3 Kc6
27. Ra2 Be3 28. exd5+ Kxd5 29. Ra5+ Kc6 30. c4 Rd8 31. Ra6+ Kb7 32. Re6 Rd7 33.
c5 Kc7 34. Be1 a5 35. b5 1-0

[Event "Bielefelder SK 1 - SK Werther 1"]
[Site "NRW-Klasse - Gruppe 1 2019/20"]
[Date "2019.10.06"]
[Round "2.4"]
[White "Goeßling, Guido"]
[Black "Goecke, Karl Ulrich"]
[Result "0-1"]
[WhiteElo "2133"]
[BlackElo "2117"]
[PlyCount "90"]
[EventDate "2019.??.??"]
[SourceVersionDate "2020.03.16"]
[WhiteTeam "Bielefelder SK 1"]
[BlackTeam "SK Werther 1"]

1. e4 e6 2. d4 d5 3. Nc3 h6 4. Be3 Nf6 5. e5 Ng8 6. f4 Ne7 7. Nf3 b6 8. Qd2 Qd7
9. a4 Nbc6 10. Be2 Bb7 11. O-O f6 12. Nb5 a6 13. Na3 Nf5 14. Bf2 h5 15. c3 Na5
16. Qc2 Bxa3 17. Rxa3 Nc4 18. Ra2 Nce3 19. Bxe3 Nxe3 20. Qg6+ Qf7 21. Qxf7+
Kxf7 22. Re1 a5 23. Bb5 Nf5 24. b3 Ba6 25. Rae2 Bxb5 26. axb5 Rhe8 27. Kf2 a4
28. b4 Rac8 29. Ra1 c6 30. bxc6 b5 31. Nd2 Rxc6 32. Nb1 Nh6 33. g3 fxe5 34.
fxe5 Ke7 35. Raa2 Rf8+ 36. Kg2 Nf5 37. Kh3 Kd7 38. Rf2 Rcc8 39. Rae2 Kc6 40. g4
hxg4+ 41. Kxg4 Rh8 42. Rf3 Rh6 43. Rh3 Rg6+ 44. Kf3 Rf8 45. Rd2 Ng3+ 0-1

[Event "Bielefelder SK 1 - SK Werther 1"]
[Site "NRW-Klasse - Gruppe 1 2019/20"]
[Date "2019.10.06"]
[Round "2.5"]
[White "Ortpaul, Mario"]
[Black "Roemhild, Marcus"]
[Result "0-1"]
[WhiteElo "1885"]
[BlackElo "2039"]
[PlyCount "86"]
[EventDate "2019.??.??"]
[SourceVersionDate "2020.03.16"]
[WhiteTeam "SK Werther 1"]
[BlackTeam "Bielefelder SK 1"]

1. e4 c5 2. c4 Nc6 3. Nc3 g6 4. d3 Bg7 5. Be3 d6 6. Qd2 Nd4 7. Bxd4 Bxd4 8. Nf3
Bg7 9. Be2 Nf6 10. O-O O-O 11. Rab1 a5 12. a4 Bd7 13. Ne1 Ng4 14. Nc2 Ne5 15.
b3 Nc6 16. Kh1 Nb4 17. Nxb4 axb4 18. Nd5 e6 19. Ne3 f5 20. exf5 gxf5 21. Bf3
Qc7 22. Nc2 Bc6 23. Bxc6 Qxc6 24. d4 Rae8 25. Rbd1 Kh8 26. dxc5 dxc5 27. Qd6
Qe4 28. Qd3 Qc6 29. Rfe1 Bc3 30. Re2 Qc7 31. Rf1 e5 32. Ne3 e4 33. Qc2 Bd4 34.
Nd5 Qg7 35. g3 Qg4 36. Qd1 f4 37. Nxb4 f3 38. Rc2 Qh3 39. Rg1 Re6 40. Qf1 Qxf1
41. Rxf1 cxb4 42. Rd1 Bc3 43. Rd7 e3 0-1

[Event "Bielefelder SK 1 - SK Werther 1"]
[Site "NRW-Klasse - Gruppe 1 2019/20"]
[Date "2019.10.06"]
[Round "2.6"]
[White "Doering, Carsten"]
[Black "Hufendiek, Ekkehard"]
[Result "1-0"]
[WhiteElo "1993"]
[BlackElo "1884"]
[PlyCount "51"]
[EventDate "2019.??.??"]
[SourceVersionDate "2020.03.16"]
[WhiteTeam "Bielefelder SK 1"]
[BlackTeam "SK Werther 1"]

1. d4 Nf6 2. c4 e6 3. Nc3 Bb4 4. Bg5 h6 5. Bh4 d5 6. cxd5 Bxc3+ 7. bxc3 Qxd5 8.
Bxf6 gxf6 9. e3 b6 10. Be2 Ba6 11. Qa4+ c6 12. c4 Qe4 13. Rd1 O-O 14. Nf3 Bb7
15. Bd3 Qg4 16. h3 Qg7 17. Qb3 Kh8 18. Ke2 Nd7 19. Rhg1 e5 20. Bf5 Rad8 21. Qc3
Rfe8 22. Bxd7 Rxd7 23. dxe5 Red8 24. exf6 Qg6 25. Ne5 Qxf6 26. Nxf7+ 1-0

[Event "Bielefelder SK 1 - SK Werther 1"]
[Site "NRW-Klasse - Gruppe 1 2019/20"]
[Date "2019.10.06"]
[Round "2.7"]
[White "Henkemeier, Markus"]
[Black "Danielmeier, Ralf"]
[Result "1-0"]
[WhiteElo "2008"]
[BlackElo "2012"]
[PlyCount "149"]
[EventDate "2019.??.??"]
[SourceVersionDate "2020.03.16"]
[WhiteTeam "SK Werther 1"]
[BlackTeam "Bielefelder SK 1"]

1. d4 Nf6 2. Bf4 g6 3. e3 Bg7 4. Be2 d6 5. h4 h5 6. c3 Nbd7 7. Nf3 b6 8. Nbd2
Bb7 9. Qb3 e6 10. O-O-O Qe7 11. Rhg1 O-O-O 12. Qa3 Kb8 13. Ba6 Rhe8 14. Bxb7
Kxb7 15. Nc4 Bf8 16. Qb3 Nb8 17. Bg5 d5 18. Nce5 Bg7 19. g4 Rc8 20. gxh5 gxh5
21. Bf4 Rg8 22. Ng5 Rcf8 23. Qb4 Qe8 24. Rg2 Bh6 25. Rdg1 Nfd7 26. Nd3 Nc6 27.
Qa4 e5 28. dxe5 Ndxe5 29. Nxe5 Nxe5 30. Qxe8 Rxe8 31. Bxe5 Rxe5 32. Nxf7 Rxg2
33. Rxg2 Re6 34. Nxh6 Rxh6 35. Rg5 Kc6 36. Kd2 Kd6 37. Kd3 a5 38. c4 dxc4+ 39.
Kxc4 c6 40. a4 Ke6 41. f4 Kf6 42. e4 Rh7 43. Kd4 Rd7+ 44. Ke3 Rd1 45. Rxh5 Re1+
46. Kd3 Rf1 47. Rh6+ Ke7 48. Rxc6 Rxf4 49. Rxb6 Rxh4 50. Rb5 Rh3+ 51. Kd4 Rh2
52. b3 Rh3 53. Kd5 Rc3 54. e5 Kd7 55. Kd4 Rh3 56. Kc4 Rh4+ 57. Kc5 Re4 58. Kb6
Re3 59. Kxa5 Kc6 60. Rb6+ Kc7 61. Rb5 Re4 62. b4 Rh4 63. Rc5+ Kb7 64. b5 Re4
65. Rd5 Kc7 66. b6+ Kc6 67. Rd6+ Kb7 68. Re6 Rd4 69. Re7+ Kb8 70. Kb5 Kc8 71.
a5 Kd8 72. Re6 Rd5+ 73. Ka6 Kc8 74. b7+ Kc7 75. Rc6+ 1-0

[Event "Bielefelder SK 1 - SK Werther 1"]
[Site "NRW-Klasse - Gruppe 1 2019/20"]
[Date "2019.10.06"]
[Round "2.8"]
[White "Schnitker, Rainer"]
[Black "Mußgnug, Oliver"]
[Result "1-0"]
[WhiteElo "2028"]
[BlackElo "1975"]
[Annotator "Daniel"]
[PlyCount "67"]
[EventDate "2019.??.??"]
[SourceVersionDate "2020.03.16"]
[WhiteTeam "Bielefelder SK 1"]
[BlackTeam "SK Werther 1"]

1. Nf3 Nf6 2. g3 d6 3. c4 e5 4. Nc3 Be7 5. Bg2 O-O 6. O-O c6 7. d4 Nbd7 8. Qc2
g6 9. Rd1 Qc7 10. e4 exd4 11. Nxd4 Ne5 12. b3 a6 13. h3 Nh5 14. Bh6 Re8 15.
Rac1 Bf6 16. Be3 Bg7 17. f4 Nd7 18. Bf2 Nc5 19. Qd2 Nf6 $11 20. Re1 Ne6 21.
Nde2 Nc5 22. e5 Nfd7 23. exd6 Qa5 24. Nd4 Ne6 25. Nxe6 fxe6 26. Ne4 Qf5 27. g4
Qf7 28. Ng5 Qf6 29. Nf3 Nf8 30. Bh4 Qf7 31. Ng5 Qd7 32. Ne4 Qf7 33. Be7 Bd7 34.
Ng5 1-0

[Event "Schach Nienberge 1 - SC Hansa Dortmund "]
[Site "NRW-Klasse - Gruppe 1 2019/20"]
[Date "2019.10.06"]
[Round "2.1"]
[White "Kotter, Ralf"]
[Black "Mikeladze, Berdia"]
[Result "1/2-1/2"]
[WhiteElo "2304"]
[BlackElo "2450"]
[PlyCount "82"]
[EventDate "2019.??.??"]
[SourceVersionDate "2020.03.16"]
[WhiteTeam "SC Hansa Dortmund 2"]
[BlackTeam "Schach Nienberge 1"]

1. e4 c6 2. d4 d5 3. e5 c5 4. dxc5 e6 5. Be3 Nd7 6. Nf3 Bxc5 7. Bxc5 Nxc5 8.
Nbd2 Ne7 9. Nb3 Qb6 10. Qd4 Nxb3 11. axb3 Qxd4 12. Nxd4 Ng6 13. Nf3 f6 14. exf6
gxf6 15. Bb5+ Bd7 16. Bxd7+ Kxd7 17. Kd2 e5 18. Ra5 d4 19. Rha1 a6 20. b4 Rac8
21. b5 axb5 22. Rxb5 Kc6 23. Rb3 Nf4 24. Nh4 Ra8 25. Rba3 Rxa3 26. Rxa3 Rg8 27.
g3 Nd5 28. Ra5 Re8 29. Nf5 Rd8 30. Ra4 Kb5 31. Ra7 Kb6 32. Ra3 Kc5 33. Ra5+ Kb6
34. Ra1 Kc5 35. f3 Nb6 36. Kd3 Nc4 37. b3 Nd6 38. Nxd6 Kxd6 39. c3 dxc3 40.
Kxc3 Rc8+ 41. Kd3 Rc7 1/2-1/2

[Event "Schach Nienberge 1 - SC Hansa Dortmund "]
[Site "NRW-Klasse - Gruppe 1 2019/20"]
[Date "2019.10.06"]
[Round "2.2"]
[White "Remmeke, Hans"]
[Black "Babar, Michael"]
[Result "1/2-1/2"]
[WhiteElo "2110"]
[BlackElo "2103"]
[PlyCount "23"]
[EventDate "2019.??.??"]
[SourceVersionDate "2020.03.16"]
[WhiteTeam "Schach Nienberge 1"]
[BlackTeam "SC Hansa Dortmund 2"]

1. d4 Nf6 2. c4 e6 3. g3 Bb4+ 4. Nd2 c5 5. dxc5 Bxc5 6. Bg2 Nc6 7. Ngf3 O-O 8.
O-O d5 9. cxd5 Qxd5 10. Nb3 Qxd1 11. Rxd1 Bb6 12. Bd2 1/2-1/2

[Event "Schach Nienberge 1 - SC Hansa Dortmund "]
[Site "NRW-Klasse - Gruppe 1 2019/20"]
[Date "2019.10.06"]
[Round "2.3"]
[White "Linker, Walter"]
[Black "Gottkehaskamp, Philipp"]
[Result "0-1"]
[WhiteElo "2002"]
[BlackElo "2071"]
[PlyCount "76"]
[EventDate "2019.??.??"]
[SourceVersionDate "2020.03.16"]
[WhiteTeam "SC Hansa Dortmund 2"]
[BlackTeam "Schach Nienberge 1"]

1. f4 Nf6 2. Nf3 d5 3. e3 g6 4. b3 Bg7 5. Bb2 O-O 6. Be2 c5 7. O-O Nc6 8. Ne5
e6 9. Nxc6 bxc6 10. Bf3 Ba6 11. d3 Qb6 12. Re1 Rfd8 13. Bc3 d4 14. Bb2 Nd5 15.
Bxd5 cxd5 16. exd4 c4 17. dxc4 dxc4 18. c3 Qc7 19. Qg4 Rd5 20. Nd2 h5 21. Qf3
Bb7 22. Qe3 Bh6 23. g3 g5 24. Ne4 Qd8 25. fxg5 Bxg5 26. Nxg5 Rxg5 27. Bc1 Rf5
28. bxc4 Rc8 29. Bd2 Rxc4 30. Rab1 Qd5 31. Rxb7 Qxb7 32. Qd3 Ra4 33. Rb1 Qf3
34. Qc2 Qf2+ 35. Kh1 h4 36. Qxa4 Qf3+ 37. Kg1 h3 38. Qe8+ Kh7 0-1

[Event "Schach Nienberge 1 - SC Hansa Dortmund "]
[Site "NRW-Klasse - Gruppe 1 2019/20"]
[Date "2019.10.06"]
[Round "2.4"]
[White "Ringwelski, Marius"]
[Black "Krueger, Simon"]
[Result "1-0"]
[WhiteElo "1989"]
[BlackElo "2010"]
[PlyCount "83"]
[EventDate "2019.??.??"]
[SourceVersionDate "2020.03.16"]
[WhiteTeam "Schach Nienberge 1"]
[BlackTeam "SC Hansa Dortmund 2"]

1. c4 Nf6 2. Nc3 c5 3. Nf3 g6 4. g3 Bg7 5. Bg2 O-O 6. O-O Nc6 7. d4 cxd4 8.
Nxd4 Nxd4 9. Qxd4 d6 10. Qd3 Rb8 11. Rd1 Be6 12. Rb1 Nd7 13. b3 Ne5 14. Qd2 Bf5
15. Ne4 b5 16. cxb5 Rxb5 17. a4 Rb8 18. Qe3 a5 19. Bd2 Ng4 20. Qa7 Ra8 21. Qb7
Bd4 22. Be1 Ra7 23. Qd5 Bb6 24. h3 Ne5 25. Rbc1 Rc7 26. Qb5 Rxc1 27. Rxc1 Bd7
28. Qd5 Qb8 29. Bd2 Be6 30. Qb5 Bxb3 31. Bh6 Be6 32. Bxf8 Bd7 33. Qa6 Kxf8 34.
Kh2 Kg7 35. Rb1 Bxa4 36. Qxb6 Qc8 37. Qd4 Qc2 38. Ra1 Bc6 39. Rxa5 f6 40. Ra7
Kf8 41. Qe3 g5 42. Nc3 1-0

[Event "Schach Nienberge 1 - SC Hansa Dortmund "]
[Site "NRW-Klasse - Gruppe 1 2019/20"]
[Date "2019.10.06"]
[Round "2.5"]
[White "Prueske, Wolfgang"]
[Black "Kemper, Georg"]
[Result "1/2-1/2"]
[WhiteElo "1997"]
[BlackElo "1985"]
[PlyCount "99"]
[EventDate "2019.??.??"]
[SourceVersionDate "2020.03.16"]
[WhiteTeam "SC Hansa Dortmund 2"]
[BlackTeam "Schach Nienberge 1"]

1. e4 e6 2. d4 d5 3. e5 c5 4. c3 Nc6 5. Nf3 Nh6 6. Bd3 cxd4 7. cxd4 Nf5 8. Bxf5
exf5 9. O-O Be6 10. a3 h6 11. b4 g5 12. Nc3 f4 13. Ne1 Be7 14. b5 Na5 15. Nd3
Rc8 16. Na4 b6 17. Bd2 Nc4 18. Bb4 Qd7 19. Nc3 Bg4 20. Qb3 Nd2 21. Qb2 Nxf1 22.
Rxf1 Bf5 23. e6 fxe6 24. Ne5 Qc7 25. Nc6 Bxb4 26. Qxb4 Kf7 27. Re1 Rhe8 28. a4
a6 29. h3 axb5 30. axb5 Kf6 31. Rc1 Kg7 32. Na4 h5 33. Rc3 Qb7 34. Qd6 Rc7 35.
h4 gxh4 36. Qxf4 Ra8 37. Nd8 Rxc3 38. Nxb7 Rxa4 39. Qg5+ Bg6 40. Qe7+ Kh6 41.
Qxh4 Rcc4 42. Qf4+ Kh7 43. Nd8 Rxd4 44. Qc7+ Kg8 45. Nxe6 Rd1+ 46. Kh2 Rh4+ 47.
Kg3 Rg4+ 48. Kh2 Rh4+ 49. Kg3 Rg4+ 50. Kh2 1/2-1/2

[Event "Schach Nienberge 1 - SC Hansa Dortmund "]
[Site "NRW-Klasse - Gruppe 1 2019/20"]
[Date "2019.10.06"]
[Round "2.6"]
[White "Haas, Kai"]
[Black "Hillebrand, Carsten"]
[Result "1/2-1/2"]
[WhiteElo "1928"]
[BlackElo "1936"]
[PlyCount "106"]
[EventDate "2019.??.??"]
[SourceVersionDate "2020.03.16"]
[WhiteTeam "Schach Nienberge 1"]
[BlackTeam "SC Hansa Dortmund 2"]

1. d3 g6 2. Nf3 d6 3. g3 Nf6 4. Bg2 Bg7 5. O-O O-O 6. Nbd2 c5 7. e4 Nc6 8. a4
Qc7 9. c3 Nd7 10. h3 b6 11. Re1 Ba6 12. Bf1 Bb7 13. Nh4 e6 14. f4 d5 15. Qe2 g5
16. Ng2 Kh8 17. Nf3 gxf4 18. exd5 Nce5 19. Nxe5 Qxe5 20. Nxf4 Qxe2 21. Bxe2 e5
22. Nh5 Bxd5 23. Nxg7 Kxg7 24. Kf2 Rfe8 25. Be3 Rad8 26. a5 Re6 27. axb6 axb6
28. Ra7 Rd6 29. d4 exd4 30. cxd4 Kg8 31. Bf4 Re6 32. Bb5 Rxe1 33. Kxe1 Nf8 34.
Bc7 Ra8 35. Rxa8 Bxa8 36. Bxb6 cxd4 37. Bxd4 Ne6 38. Be3 Bd5 39. Kd2 f6 40. h4
Kf7 41. Bd3 h5 42. Be2 Kg6 43. b4 Bb7 44. b5 Nc7 45. Bd3+ Kf7 46. Bc4+ Kg6 47.
Kc3 Kf5 48. Kd4 Ne6+ 49. Bxe6+ Kxe6 50. Kc5 Kd7 51. Kb6 Bf3 52. Ka7 Kc8 53. b6
f5 1/2-1/2